000 03245nam a2200361 a 4500
001 53451
003 AR-BaAGN
005 20231212130156.0
007 ta
008 s2020 ag |||||r|||| ||| ||spa d
020 _a978-987-86-3899-7
040 _aAR-BaAGN
_bspa
_eaacr
100 1 _aSanmarco, Guillermo L.
_96005
245 1 0 _aSeminario Santa Catalina Virgen y Mártir, de 1611, de Santiago del Estero :
_borigen de la educación superior en la Argentina /
_cGuillermo N. Sanmarco ...[et.al].
250 _a1a ed.
260 _aSantiago del Estero :
_bUNSE. Universidad Nacional de Santiago del Estero,
_c2020.
300 _a427 páginas :
_bilustraciones, diagramas, fotografías blanco y negro, mapas ;
_c23 cm
336 _2rdacontent
_btxt
337 _2rdamedia
_bn
338 _2rdacarrier
_bnc
500 _aProyecto de investigación aprobado por el Honorable Consejo Superior de la UNSE Resolución HCS, UNSE, n° 188/2019, del 30 de julio de 2019. Declarado de interés por la Facultad de Ciencias Exactas de la UNSE. Declarado de Interés por la Honorable Cámara de Diputados de la Provincia.
520 3 _aCon esta investigación nos propusimos buscar la verdad histórica de lo que fue la fundación y las vicisitudes del Seminario de Santa Catalina, que el rey de España mandó erigir en Santiago del Estero (1611), y que fuera la primera institución de altos estudios y el origen de la educación superior en Argentina. El Concilio de Trento había dispuesto que donde hubiere un obispado debía erigirse un Seminario. El entonces obispo del Tucumán, con sede en Santiago del Estero, Mons. Trejo y Sanabria, solicitó al rey en 1601 su creación. Se transcriben documentos de la iglesia, de la corona y opiniones de autores que reconocen que el Colegio Convictorio jesuita de Córdoba, fue una continuación del Seminario de Santiago del Estero. "Santiago entregó su Catedral y su Seminario para engrandecimiento de Córdoba". "El Convictorio San Javier (de Córdoba) reconoce otro origen más antiguo, siendo una continuación del Seminario Santa Catalina". "El Colegio de Santiago pretende derecho a toda la fundación del Colegio de Córdoba". Explicamos algunas trabas que le pusieron al Seminario, las retenciones indebidas de las cajas reales (de Córdoba y Charcas) impidiéndosele percibir los subsidios otorgados par a su funcionamiento, originados en intereses tendientes a que se lo cerrara. Se destacan los informes incorrectos dirigidos al rey, Virrey y Consejo de Indias acerca de Santiago del Estero, de su Catedral y del Seminario, como también las responsabilidades de ciertos funcionarios civiles y eclesiásticos de entonces. En Síntesis, una historia que demoró más de 400 años en ser contada. (Descripción de los autores).
610 2 4 _aSeminario Santa Catalina Virgen y Mártir (Santiago del Estero)
_96009
610 2 4 _aCompañía de Jesús (Córdoba)
_96008
650 4 _aÓRDENES RELIGIOSAS
_91458
650 4 _aJESUITAS
_91405
650 4 _aHISTORIA DE LA EDUCACIÓN
_9418
650 4 _aUNIVERSIDADES
_91545
700 1 _aPaz, Héctor Rubén
_96006
700 1 _aCastiglione, Antonio Virgilio,
_d1951-
_95066
700 1 _aSanmarco, José María
_96007
942 _cLIBRO
_kAGN
_n0
999 _c53451
_d53451